Sampoorn Ramayan : (Record no. 16902)

MARC details
000 -LEADER
fixed length control field 03187ngm a2200505 4500
003 - CONTROL NUMBER IDENTIFIER
control field dpl
005 - DATE AND TIME OF LATEST TRANSACTION
control field 20080723110517.0
007 - PHYSICAL DESCRIPTION FIXED FIELD--GENERAL INFORMATION
fixed length control field DVD
008 - FIXED-LENGTH DATA ELEMENTS--GENERAL INFORMATION
fixed length control field ||||||sp199 xxu|||||c|||| 00| 0 eng d
010 ## - LIBRARY OF CONGRESS CONTROL NUMBER
LC control number DVD-001035-1037 & DVD-005187-5192
024 ## - OTHER STANDARD IDENTIFIER
Terms of availability 2999.00 for set of 20 Vols
035 ## - SYSTEM CONTROL NUMBER
System control number DVD-001035-1037
035 ## - SYSTEM CONTROL NUMBER
System control number DVD-005187-5192
040 ## - CATALOGING SOURCE
Original cataloging agency DPL
Transcribing agency DPL
082 ## - DEWEY DECIMAL CLASSIFICATION NUMBER
Classification number DVD / SMAP
245 ## - TITLE STATEMENT
Title Sampoorn Ramayan :
Statement of responsibility, etc Gayatri Films and Music Pvt. Ltd.
Medium [videorecording] DVD/
Remainder of title Vol. 16 Episode No.114-120
260 ## - PUBLICATION, DISTRIBUTION, ETC. (IMPRINT)
Name of publisher, distributor, etc Moserbaer Entertainment
300 ## - PHYSICAL DESCRIPTION
Extent 1 videodisc DVD;
Other physical details sd., col. ;
Dimensions 4 3/4 in.
Type of unit DVD
440 ## - SERIES STATEMENT/ADDED ENTRY--TITLE
Title Moser Baer Entertainment
500 ## - GENERAL NOTE
General note This DVD is Copy Protected
500 ## - GENERAL NOTE
General note Set of 20 Vols. not to be sold individually
500 ## - GENERAL NOTE
General note It is a T.V. Serial
538 ## - SYSTEM DETAILS NOTE
Display text Language: Dolby Digital 5.1-Hindi Subtitles: English
538 ## - SYSTEM DETAILS NOTE
System details note Aspect Ratio: 1.85:1, Presentation type: Wide Screen Presentation Size 16x9
650 ## - SUBJECT ADDED ENTRY--TOPICAL TERM
Topical term or geographic name as entry element T.V. Serial
700 ## - ADDED ENTRY--PERSONAL NAME
Personal name Sagar, Ramanand
700 ## - ADDED ENTRY--PERSONAL NAME
Personal name Sagar, Subhash
700 ## - ADDED ENTRY--PERSONAL NAME
Personal name Sagar, Prem
700 ## - ADDED ENTRY--PERSONAL NAME
Personal name Sagar, Annand
700 ## - ADDED ENTRY--PERSONAL NAME
Personal name Sagar, Moti
700 ## - ADDED ENTRY--PERSONAL NAME
Personal name Gouvil, Arun
700 ## - ADDED ENTRY--PERSONAL NAME
Personal name Deepika
942 ## - ADDED ENTRY ELEMENTS (KOHA)
Koha item type CD-ROMs, DVDs, VHS
Source of classification or shelving scheme Dewey Decimal Classification
Classification part DVD
Call number suffix SAMP
Holdings
Withdrawn status Lost status Source of classification or shelving scheme Damaged status Not for loan Home library Current library Date acquired Source of acquisition Cost, normal purchase price Total Checkouts Total Renewals Full call number Barcode Date last seen Date checked out Copy number Cost, replacement price Price effective from Koha item type
    Dewey Decimal Classification     Central Library Central Library 20/10/2008 Purchase 2999.00 19 1 DVD SAMP DVD-001035 20/01/2017 22/12/2016 1 2999.00 20/10/2008 CD-ROMs, DVDs, VHS
    Dewey Decimal Classification     Janak Puri Janak Puri 02/12/2009 Pioneers/885/29-10-09/325/13-10-09 /06-11-09 2999.00 12   DVD SAMP DVD-005187 07/03/2013 05/03/2013 1 2999.00 02/12/2009 CD-ROMs, DVDs, VHS
    Dewey Decimal Classification     Karol Bagh Karol Bagh 02/12/2009 Pioneers/885/29-10-09/325/13-10-09 /06-11-09 2999.00 5   DVD SAMP DVD-005190 21/11/2015 09/11/2015 1 2999.00 02/12/2009 CD-ROMs, DVDs, VHS
    Dewey Decimal Classification     Narela Narela 02/12/2009 Pioneers/885/29-10-09/325/13-10-09 /06-11-09 2999.00 2   DVD SAMP DVD-005191 06/04/2011 05/04/2011 1 2999.00 02/12/2009 CD-ROMs, DVDs, VHS
    Dewey Decimal Classification     Patel Nagar Patel Nagar 20/10/2008 Purchase 2999.00 10   DVD SAMP DVD-001037 23/10/2013 10/10/2013 1 2999.00 20/10/2008 CD-ROMs, DVDs, VHS
    Dewey Decimal Classification     R.K.Puram-8 R.K.Puram-8 02/12/2009 Pioneers/885/29-10-09/325/13-10-09 /06-11-09 2999.00 2   DVD SAMP DVD-005188 13/09/2011 06/09/2011 1 2999.00 02/12/2009 CD-ROMs, DVDs, VHS
    Dewey Decimal Classification     Sarojini Nagar Sarojini Nagar 20/10/2008 Purchase 2999.00 13   DVD SAMP DVD-001036 19/10/2011 11/10/2011 1 2999.00 20/10/2008 CD-ROMs, DVDs, VHS
    Dewey Decimal Classification     Shahdara Branch Shahdara Branch 02/12/2009 Pioneers/885/29-10-09/325/13-10-09 /06-11-09 2999.00     DVD SAMP DVD-005192 02/12/2009   1 2999.00 02/12/2009 CD-ROMs, DVDs, VHS
    Dewey Decimal Classification     Vinoba Puri Vinoba Puri 02/12/2009 Pioneers/885/29-10-09/325/13-10-09 /06-11-09 2999.00 5   DVD SAMP DVD-005189 09/04/2016 02/04/2016 1 2999.00 02/12/2009 CD-ROMs, DVDs, VHS

© Delhi Public Library
Hit Counter
free hit counter